|
|
|
|
| LEADER |
00692cam a2200193 7i4500 |
| 001 |
0000024030 |
| 005 |
20091229090000.0 |
| 022 |
0 |
0 |
|a 1394-4630
|
| 090 |
0 |
0 |
|a MAT 641.3025
|b MAL
|
| 110 |
2 |
0 |
|a Federation of Malaysian Manufacturers (FMM)
|
| 245 |
2 |
0 |
|a FMM - MATRADE industry directory :
|b food & beverage Malaysia 2009.
|
| 250 |
0 |
0 |
|a 4th ed.
|
| 260 |
0 |
0 |
|a Kuala Lumpur:
|b FMM,
|c 2009.
|
| 300 |
# |
# |
|a 214 p.
|
| 650 |
0 |
0 |
|a Food --
|x Directories --
|z Malaysia
|
| 650 |
0 |
0 |
|a Beverages --
|x Directories --
|z Malaysia
|
| 651 |
0 |
0 |
|a Malaysia
|
| 999 |
|
|
|a 0000025904
|b Directories
|c MATRADEs Collection
|e Business Information Centre
|
| 999 |
|
|
|a 0000025903
|b Directories
|c MATRADEs Collection
|e Business Information Centre
|